1954 FIFA World Cup Host Cities and Stadiums - Statistics

General Stats
  • This quiz has been taken 31 times
  • The average score is 7 of 12
Answer Stats
Picture Hint Answer % Correct
Switzerland Bern
100%
Switzerland Genève
100%
Switzerland Zürich
100%
Switzerland Basel
77%
Switzerland Lausanne
77%
5 games | Capacity: 64.600 Wankdorfstadion
62%
6 games | Capacity: 54.800 St. Jakob Stadion
54%
Switzerland Lugano
38%
5 games | Capacity: 34.800 Hardturm
31%
4 games | Capacity: 35.997 Stade des Charmilles
31%
5 games | Capacity: 50.300 Stade Olympique de la Pontaise
31%
1 game | Capacity: 35.800 Stadio di Cornaredo
31%
No matching quizzes found
Score Distribution
Percent of People with Each Score
Percentile by Number Answered
Your Score History
You have not taken this quiz